| 000 | 00760cab a2200181 4500 | ||
|---|---|---|---|
| 001 | ##L132491 | ||
| 008 | 060213n2006 000 0 eng u | ||
| 035 | _a(Sirsi) u132491 | ||
| 041 | 0 | _aeng | |
| 100 | 1 | _aRawlinson, Simon | |
| 245 | 0 | 0 |
_aProcurement _bsuccessful projects |
| 260 | _c2006 | ||
| 490 | 0 |
_aBuilding _v271(8417) 10 February 2006, 64-67(3) |
|
| 520 | _aExamines the most common causes of project failure in the construction industry, analyses and defines the concept of success, considers how to create the conditions for success, and provides a checklist to help diagnose project health. Includes a case study of the Eden Project, phase one. | ||
| 590 | _a140206 | ||
| 690 | _aMANAGEMENT-PROJECT MANAGEMENT-PROGRAMME ANALYSIS | ||
| 942 | _n0 | ||
| 999 |
_c76472 _d76472 |
||